Electrical and electronic principles and technology (E-Book) (Record no. 191656)
[ view plain ]
| 000 -LEADER | |
|---|---|
| fixed length control field | 00783 a2200205 4500 |
| 003 - CONTROL NUMBER IDENTIFIER | |
| control field | Nust |
| 005 - DATE AND TIME OF LATEST TRANSACTION | |
| control field | 20170207154020.0 |
| 020 ## - INTERNATIONAL STANDARD BOOK NUMBER | |
| International Standard Book Number | 0-7506-5778-2 |
| 035 ## - SYSTEM CONTROL NUMBER | |
| System control number | (Uk)0750657782 |
| 040 ## - CATALOGING SOURCE | |
| Transcribing agency | Nust |
| 082 04 - DEWEY DECIMAL CLASSIFICATION NUMBER | |
| Classification number | 621.3 |
| 100 1# - MAIN ENTRY--PERSONAL NAME | |
| Personal name | Bird, John |
| 245 10 - TITLE STATEMENT | |
| Title | Electrical and electronic principles and technology (E-Book) |
| Statement of responsibility, etc. | John Bird |
| 250 ## - EDITION STATEMENT | |
| Edition statement | 2. ed. |
| 260 ## - PUBLICATION, DISTRIBUTION, ETC. | |
| Place of publication, distribution, etc. | Oxford : |
| Name of publisher, distributor, etc. | Newnes, |
| Date of publication, distribution, etc. | 2003 |
| 300 ## - PHYSICAL DESCRIPTION | |
| Extent | x, 382 s. : |
| Other physical details | ill. ; |
| Dimensions | 25 cm |
| 505 ## - FORMATTED CONTENTS NOTE | |
| Formatted contents note | The Transmission and Distribution System - Conductor Supports - Insulators and Conductors - Line Equipment - Overhead Construction - Underground Construction - Service Factors - Substations - Distribution - Circuits, Cogeneration and Distributed Generation - Essentials of Electricity |
| 650 #0 - SUBJECT ADDED ENTRY--TOPICAL TERM | |
| Topical term or geographic name entry element | Electric engineering |
| 651 ## - SUBJECT ADDED ENTRY--GEOGRAPHIC NAME | |
| Geographic name | E-Book |
| 942 ## - ADDED ENTRY ELEMENTS (KOHA) | |
| Source of classification or shelving scheme | |
| Koha item type | Book |
| Withdrawn status | Lost status | Source of classification or shelving scheme | Damaged status | Not for loan | Collection code | Permanent Location | Current Location | Date acquired | Total Checkouts | Barcode | Date last seen | Price effective from | Koha item type |
|---|---|---|---|---|---|---|---|---|---|---|---|---|---|
| Military College of Signals (MCS) | Military College of Signals (MCS) | 12/12/2016 | MCSEB-486 | 12/08/2016 | 12/12/2016 | Book |
